A Short history of Pakistan. (Record no. 87132)

MARC details
000 -LEADER
fixed length control field 00874nam a2200229 4500
001 - CONTROL NUMBER
control field sa 68016498
003 - CONTROL NUMBER IDENTIFIER
control field DLC
005 - DATE AND TIME OF LATEST TRANSACTION
control field 20260227112654.0
008 - FIXED-LENGTH DATA ELEMENTS--GENERAL INFORMATION
fixed length control field 700714s1967 pk b b 00100 eng
010 ## - LIBRARY OF CONGRESS CONTROL NUMBER
LC control number sa 68016498
025 ## - OVERSEAS ACQUISITION NUMBER
Overseas acquisition number PL480:P-E-1384
050 0# - LIBRARY OF CONGRESS CALL NUMBER
Classification number DS382
Item number .S57
082 ## - DEWEY DECIMAL CLASSIFICATION NUMBER
Classification number 915.49/03
245 0# - TITLE STATEMENT
Title A Short history of Pakistan.
Statement of responsibility, etc. General editor: I. H. Qureshi.
260 0# - PUBLICATION, DISTRIBUTION, ETC.
Place of publication, distribution, etc. Karachi,
Name of publisher, distributor, etc. University of Karachi,
Date of publication, distribution, etc. 1967.
300 ## - PHYSICAL DESCRIPTION
Extent 4 v.
Other physical details maps (part fold.)
Dimensions 23 cm.
350 ## - PRICE (NR) (BK AM CF MU VM SE) [OBSOLETE]
Price 11.00 (v. 1) varies.
504 ## - BIBLIOGRAPHY, ETC. NOTE
Bibliography, etc. note Includes bibliographies.
505 0# - FORMATTED CONTENTS NOTE
Formatted contents note book 1. Pre-Muslim period, by A. H. Dani.--book 2. Muslim rule under the sultans, by M. Kabir.--book 3. The Mughul empire, by Sh. A. Rashid.--book 4. Alien rule and the rise of Muslim nationalism, by M. A. Rahim [and others].
651 #0 - SUBJECT ADDED ENTRY--GEOGRAPHIC NAME
Geographic name Pakistan
General subdivision History.
700 10 - ADDED ENTRY--PERSONAL NAME
Personal name Qureshi, Ishtiaq Husain,
Relator term ed.

No items available.

Powered by Koha